UITU Library & LRC     Book GIFs | Tenor

Asan Tarjuma e Quran (Record no. 17733)

MARC details
000 -LEADER
fixed length control field 00477nam a2200181Ia 4500
008 - FIXED-LENGTH DATA ELEMENTS--GENERAL INFORMATION
fixed length control field 230616s9999 xx 000 0 und d
020 ## - INTERNATIONAL STANDARD BOOK NUMBER
International Standard Book Number 9789699306068
082 ## - DEWEY DECIMAL CLASSIFICATION NUMBER
Classification number 297.1225 USM
100 ## - MAIN ENTRY--PERSONAL NAME
Personal name Usmani, Muhammad Taqi
245 #0 - TITLE STATEMENT
Title Asan Tarjuma e Quran
250 ## - EDITION STATEMENT
Edition statement .NA
260 ## - PUBLICATION, DISTRIBUTION, ETC.
Place of publication, distribution, etc. Karachi:
Name of publisher, distributor, etc. Maktaba-e-Maarif ul Quran,
Date of publication, distribution, etc. 2022
300 ## - PHYSICAL DESCRIPTION
Other physical details 1309p.
Type of unit Original
520 ## - SUMMARY, ETC.
Summary, etc. Include Index
600 ## - SUBJECT ADDED ENTRY--PERSONAL NAME
Personal name Religion
650 ## - SUBJECT ADDED ENTRY--TOPICAL TERM
Topical term or geographic name entry element Humanities and Natural sciences
942 ## - ADDED ENTRY ELEMENTS (KOHA)
Koha item type BOOKS
Holdings
Date last seen Total Checkouts Barcode Price effective from Koha item type Lost status Damaged status Not for loan Withdrawn status Home library Current library Date acquired Source of acquisition Cost, normal purchase price
06/16/2023   Q15739   BOOKS         UITU UITU 05/30/2023 A.R Books 4500.00